Countries that Beat Argentina - Statistics

General Stats
  • This quiz has been taken 6,074 times
    5,939 since last reset
  • The average score is 14 of 15
Answer Stats
Rank Category Countries % Correct
8 Longest total border China | Russia | Brazil | India | United States | Kazakhstan | D.R. Congo
100%
2 Largest South American country by area Brazil
99%
7 First country alphabetically Afghanistan | Albania | Algeria | Andorra | Angola | Antigua and Barbuda
98%
4 (t) Men's FIFA World Cup wins Brazil | Germany | Italy
98%
5 (t) Longest international border with a single country Canada | United States | Kazakhstan | Russia
97%
3 Most native Spanish speakers Mexico | Colombia
97%
2 Southernmost country Chile
96%
9 Most tea production China | India | Kenya | Sri Lanka | Turkey | Vietnam | Indonesia | Myanmar
96%
4 Least densely populated South American country Guyana | Suriname | Bolivia
96%
10 Greatest number of Catholics Brazil | Mexico | Philippines | United States | Italy | France | Colombia | Poland | Spain
95%
10 Highest elevation China | Nepal | Pakistan | India | Bhutan | Tajikistan | Afghanistan | Kyrgyzstan | Kazakhstan
91%
4 South American country whose capital is closest to the beginning of the alphabet Paraguay | Colombia | Brazil
91%
3 Most populous country with territory in Antarctica France | United Kingdom
82%
2 Largest country by area starting and ending with the same letter Australia
79%
2 Most beef consumption per-capita Uruguay
47%
No matching quizzes found
Score Distribution
Percent of People with Each Score
Percentile by Number Answered
Your Score History
You have not taken this quiz since the last reset